Protodynastic Egypt

Αποθηκεύτηκε σε:
Λεπτομέρειες βιβλιογραφικής εγγραφής
Κύριος συγγραφέας: Adams, Barbara
Άλλοι συγγραφείς: Cialowicz, Krzysztof
Μορφή: Βιβλίο
Γλώσσα:English
Δημοσίευση: Buckinghanshire : Shire, 1997
Σειρά:Shire egyptiology
Θέματα:
Ετικέτες: Προσθήκη ετικέτας
Δεν υπάρχουν, Καταχωρήστε ετικέτα πρώτοι!

MARC

LEADER 00000nam a2200000 i 4500
001 1/33925
008 030304s1997 eng d
020 |a 0-7478-0357-9 
035 |l 10069600 
040 |a GR-MY-UA  |b gre  |e aacr 
041 0 |a eng 
082 0 |a 932 
100 0 |a Adams, Barbara. 
245 1 0 |a Protodynastic Egypt /  |c Barbara Adams, Krzysztof M. Cialowicz 
260 |a Buckinghanshire :   |b Shire,   |c 1997 
300 |a 72 p. 
490 1 |a Shire egyptiology 
651 0 |a Egypt  |x Civilization  |y To 332 B.C. 
700 0 |a Cialowicz, Krzysztof. 
830 0 |a Shire egyptiology 
852 |a INST  |b RHODES  |e 20030304  |h 932 ADA  |p 005400020674  |q 005400020674  |t BK  |y 0 
901 |a BIBL4-2003-1 
909 |a Ρ  |b 103371 
922 |a 4ΕΛΗ  |b 200212  |c ΕΠΕΑΕΚ2/ΤΜΣ  |d ΠΑΠΑΣΩΤΗΡΙΟΥ & ΕΛΕΥΘΕΡΟΥΔΑΚΗΣ 
950 |a 124-2002-10-22 
970 |a ΚΟΥΛΑΚΙΟΤΗ  |b ΛΙΤΣΑ  |z 2003/03/04